Online
Catalog

El alma de la aldea : (Record no. 11687)

MARC details
000 -CABECERA
campo de control de longitud fija 00892cam a2200253 a 4500
001 - NÚMERO DE CONTROL
campo de control 000012019
003 - IDENTIFICADOR DEL NÚMERO DE CONTROL
campo de control OSt
005 - FECHA Y HORA DE LA ÚLTIMA TRANSACCIÓN
campo de control 20201002120515.0
008 - DATOS DE LONGITUD FIJA--INFORMACIÓN GENERAL
campo de control de longitud fija 831229s1972 pr a 000 0 spa d
040 ## - FUENTE DE LA CATALOGACIÓN
Centro catalogador/agencia de origen DO-SdBNP
Lengua de catalogación spa
Centro/agencia transcriptor BNPHU
082 ## - NÚMERO DE LA CLASIFICACIÓN DECIMAL DEWEY
Número de clasificación 398.097295
Número de documento/Ítem A366a, 1971
100 1# - ENTRADA PRINCIPAL--NOMBRE DE PERSONA
Nombre de persona Alegría, José S.
9 (RLIN) 19939
245 13 - MENCIÓN DE TÍTULO
Título El alma de la aldea :
Resto del título cuadros de costumbres puertorriqueñas /
Mención de responsabilidad, etc. José S. Alegría ; prólogo Emilio S. Belaval.
250 ## - MENCIÓN DE EDICIÓN
Mención de edición 2a ed.
260 ## - PUBLICACIÓN, DISTRIBUCIÓN, ETC.
Lugar de publicación, distribución, etc. San Juan, Puerto Rico :
Nombre del editor, distribuidor, etc. Colección de Estudios Puertorriqueños,
Fecha de publicación, distribución, etc. 1972.
300 ## - DESCRIPCIÓN FÍSICA
Extensión 132 p. :
Otras características físicas il. ;
Dimensiones 22 cm.
490 1# - MENCIÓN DE SERIE
Mención de serie Colección de Estudios Puertorriqueños
590 ## - NOTA LOCAL (RLIN)
Nota local Inventariado, 2020 / DG
651 #4 - PUNTO DE ACCESO ADICIONAL DE MATERIA--NOMBRE GEOGRÁFICO
Nombre geográfico Puerto Rico
Subdivisión general Folklore
9 (RLIN) 28426
651 #4 - PUNTO DE ACCESO ADICIONAL DE MATERIA--NOMBRE GEOGRÁFICO
Nombre geográfico Puerto Rico
Subdivisión general Vida Social Y Costumbres
9 (RLIN) 9074
700 1# - PUNTO DE ACCESO ADICIONAL--NOMBRE DE PERSONA
Nombre de persona Belaval, Emilio S.,
Término indicativo de función/relación pról.
9 (RLIN) 28427
910 ## - DATOS DE OPCIÓN DEL USUARIO (OCLC)
Datos de opción del usuario Inventariado, 2020 / DG
942 ## - ELEMENTOS DE PUNTO DE ACCESO ADICIONAL (KOHA)
Fuente del sistema de clasificación o colocación Dewey Decimal Classification
Tipo de ítem Koha Libros y folletos
Holdings
Estado de retiro Estado de pérdida Fuente del sistema de clasificación o colocación No para préstamo Código de colección Localización permanente Ubicación/localización actual Ubicación en estantería Fecha de adquisición Fuente de adquisición Número de inventario Total de préstamos Signatura topográfica completa Código de barras Fecha visto por última vez Precio válido a partir de Tipo de ítem Koha Restricciones de uso
    Dewey Decimal Classification   Monografías: Libros y Folletos General General En catalogación 03.11.2009 Donaciòn LF1   398.097295 A366a, 1971 12019-10 25.06.2020 25.06.2020 Préstamo en sala  
        Monografías: Libros y Folletos Patrimonio Dominicano Patrimonio Dominicano Orden iniciada 20.04.2017   LF1   398.097295 A366a, 1971 12019-20 25.06.2020 25.06.2020 No se presta  

Powered by Koha